000 00487nam a22001937a 4500
003 LK-CoDNM
005 20250115122530.0
008 250110b |||||||| |||| 00| 0 eng d
040 _aLK-CoDNM
_dLK-CoDNM
_eLK-CoDNM
041 _aeng
080 _a9
_bD13
100 _aNicholoson Alleyne
245 _aThe Ancient Life History Of Earth
260 _awilliam
_blondon
_c1955
300 _a406p. : ill ; 27cm
650 _aScience
700 _aTHOMSON,ARTHUR J
942 _cBK
999 _c236293
_d236293